Music Quiz

Random Music or Lyrics Quiz

Figure out the Lyrics - Mystery Song #29 Quiz Stats

 Plays Quiz not verified by Sporcle

Challenge
Share
Tweet
Embed
Score 0/295 Timer 10:00
0 Plays Today
% Correct
[Chorus]
99.3%
[Chorus Repeat]
99.3%
I
98.1%
I
98.1%
I
98.1%
I
98%
I
98%
I
98%
I
98%
I
98%
I
98%
I
98%
I
98%
I
98%
I
98%
I
98%
I
98%
I
98%
I
98%
I
98%
I
98%
a
96.3%
a
96.3%
a
96.3%
a
96.3%
a
96.3%
you
93.3%
you
93.3%
you
93.3%
the
92.4%
The
92.4%
the
92.4%
the
92.4%
The
92.4%
the
92.4%
The
92.4%
the
92.4%
and
90.3%
and
90.3%
and
90.3%
and
90.3%
and
90.3%
and
90.3%
and
90.3%
and
90.3%
and
90.3%
and
90.3%
and
90.3%
and
90.3%
and
90.3%
in
87%
in
87%
in
87%
in
87%
to
86.8%
to
86.8%
to
86.8%
to
86.8%
to
86.8%
me
85.7%
me
85.7%
me
85.7%
me
85.7%
me
85.7%
it
84.8%
on
83.6%
your
82.5%
your
82.5%
your
82.5%
is
82%
is
82%
is
82%
go
79.7%
go
79.7%
my
79.6%
my
79.6%
My
79.6%
my
79.6%
my
79.6%
my
79.6%
we
79.2%
her
76.2%
so
76.2%
her
76.2%
her
76.2%
her
76.2%
so
76.2%
her
76.2%
her
76.2%
her
76.2%
her
76.2%
her
76.2%
her
76.2%
so
76.2%
if
75.3%
if
75.3%
if
75.3%
if
75.3%
She
70.8%
% Correct
That
69.1%
that
69.1%
that
69.1%
that
69.1%
for
68.8%
for
68.8%
I'm
68%
I'm
68%
I'm
68%
I'm
68%
I'm
68%
I'm
68%
I'm
68%
I'm
68%
I'm
68%
(I'm
68%
not
67.5%
not
67.5%
Not
67.5%
not
67.5%
this
66%
this
66%
this
66%
this
66%
this
66%
who
64.5%
too
62.3%
there
62.1%
but
60.6%
But
60.6%
but
60.6%
But
60.6%
But
60.6%
but
60.6%
But
60.6%
I'll
60%
I'll
60%
I'll
60%
as
59.9%
as
59.9%
hear
59.9%
as
59.9%
then
59.5%
then
59.5%
then
59.5%
at
53.5%
was
51.1%
was
51.1%
was
51.1%
was
51.1%
get
49.6%
let
49.6%
get
49.6%
let
49.6%
from
49.6%
get
49.6%
had
48.9%
had
48.9%
say-hey
48.3%
say-hey
48.3%
say-hey
48.3%
I'd
45.5%
got
45.4%
with
45.2%
heart.
43.9%
heart
43.9%
(Ooh-ooh-ooh-ooh-ooh)
42.9%
oh
42.2%
never
40%
never
40%
leave
37%
leave
37%
way,
37%
way
37%
leave
37%
night.
35.9%
said
34.8%
said
34.8%
call.
34.6%
call
34.6%
couldn't
31.4%
name
31.2%
name
31.2%
name
31.2%
away,
30.3%
over
29.9%
home.
27%
home.
27%
home
27%
home.
27%
number,
26.6%
number,
26.6%
number,
26.6%
came
25.3%
into
25.3%
heard
24.9%
heard
24.9%
heard
24.9%
much
23.2%
% Correct
right
23%
right
23%
soon
22.7%
soon
22.7%
voice
22.7%
soon
22.7%
again.
22.3%
again
22.3%
again.
22.3%
phone.
22.1%
alone.
22.1%
phone
22.1%
phone
22.1%
phone
22.1%
phone.
22.1%
phone
22.1%
phone
22.1%
phone
22.1%
phone
22.1%
phone
22.1%
phone.
22.1%
last
21.7%
last.
21.7%
bad
20.8%
sorry
19.9%
sorry
19.9%
sorry
19.9%
sorry
19.9%
sorry
19.9%
once,
19.3%
once,
19.3%
once,
19.3%
left
19%
house
18.8%
she'd
17.7%
Hello,
17.3%
Hello,
17.3%
Hello,
17.3%
car
16.5%
feelin'
15.4%
little
14.3%
place.
13.9%
still
13.4%
felt
12.6%
kiss
12.5%
fight.
12.3%
promise,
11.9%
promise,
11.9%
promise,
11.9%
called
11.7%
called
11.7%
face.
11%
rang
10.8%
rang
10.8%
rang
10.8%
rang
10.8%
rang
10.8%
rang
10.8%
rang
10.8%
hold
10.4%
drive
8.7%
waited
8.6%
waited
8.6%
drank
8.2%
knowin'
8.2%
friend
8%
leavin'
7.6%
morning,
7.6%
feeling
7.6%
twice
7.4%
twice,
7.4%
twice,
7.4%
should've
6.3%
beg
5.6%
message
5.4%
red
4.5%
damn
4.5%
reached
4.3%
Joannie,
4.1%
Joannie
4.1%
Joannie,
4.1%
Joannie,
4.1%
Joannie,
4.1%
Joannie)
4.1%
sang,
3.9%
apart.
3.5%
small.
2.8%
forgive.
2.6%
forgive
2.6%
angry
2.2%
crashed.
2%
tearin'
1.9%
sinkin'
0.9%
baby's
0.7%
Joannie's
0.7%
funny
0.7%
Instead
0.6%

You're not logged in!

Compare scores with friends on all Sporcle quizzes.
OR
Log In

You Might Also Like...

Show Comments

Extras

Top Quizzes Today


Score Distribution

Your Account Isn't Verified!

In order to create a playlist on Sporcle, you need to verify the email address you used during registration. Go to your Sporcle Settings to finish the process.

Report this User

Report this user for behavior that violates our Community Guidelines.

Details: